• 首页
  • 本馆介绍
  • 公告通知
  • 最新文献
  • 馆藏检索
  • 电子资源
  • 读者导购
  • 参考咨询
  • 我的图书馆
  • 登录
  • 详细信息显示
  • 放入我的书架
  • 预约/预借图书
  • 作者相关作品
  • 分类相关作品
  • 丛书相关作品
  • 出版社相关作品

书目信息

  • 表格格式
  • 工作单格式
  • 卡片格式
题名:
中国根雕图录
    
 
作者: 马稚泉 , 李庆卫 编著
分册:  
出版信息: 北京   中国林业出版社  2002
页数: 222页
开本: 21cm
丛书名:
单 册:
中图分类: J322
科图分类:
主题词: 木雕--作品--中国
电子资源:
ISBN: 7-5038-2974-5
000 00754nam0 2200241 45
001 110000001625
005 20051115094654.51
010    @a7-5038-2974-5@b精装@dCNY50.00
092    @aCN
100    @a20041224d2002 ekmy0chiy0120 ea
101 0  @achi
102    @aCN@b110000
105    @aa z 000yy
200 1  @a中国根雕图录@Azhong guo gen diao tu lu@f马稚泉,李庆卫编著@FMa Zhi Quan,Li Qing Wei Bian Zhu
210    @a北京@c中国林业出版社@d2002
215    @a222页@c图@d21cm
330    @a本书所收编的几百件作品大多数是创作,部分为收藏品。其中神形毕肖、有气势、有创意之作不在少数。
606 0  @a木雕@x作品@y中国
690    @aJ322@v4
701  0 @a马稚泉@4编著
701  0 @a李庆卫@4编著
801  0 @aCN@bCXYBOOK@c20051115
905    @a10447@dJ322@e3
    
    中国根雕图录/马稚泉,李庆卫编著.-北京:中国林业出版社,2002
    222页:图;21cm
    
    
    ISBN 7-5038-2974-5(精装):CNY50.00
    本书所收编的几百件作品大多数是创作,部分为收藏品。其中神形毕肖、有气势、有创意之作不在少数。
●
相关链接 在E读中查询图书 在五车中查询图书 在当当中查询图书 在豆瓣中查询图书


正题名:中国根雕图录     索取号:J322/3         预约/预借

序号 登录号 条形码 馆藏地/架位号 状态 备注
1 0358824   3588246   第一样本阅览室/ [索取号:J322/3] 在馆    
2 0367510   203675102   第一借阅区/ [索取号:J322/3] 在馆    
3 0367511   203675111   第一借阅区/ [索取号:J322/3] 在馆    
4 0367512   203675120   第一借阅区/ [索取号:J322/3] 在馆    
5 0367513   203675139   第一借阅区/ [索取号:J322/3] 在馆    
6 0367514   203675148   第一借阅区/ [索取号:J322/3] 在馆    
唐山师范学院图书馆 欢迎您!
大连网信软件有限公司© 版权所有